000 02145nam a22003257a 4500
003 MN_MNUMS
005 20260601134737.0
008 260601b mp ||||| |||| 00| 0 mon d
040 _aMN_MNUMS
_bMON
_cMN_MNUMS
_dMN_MNUMS
_erda
041 _aMON
072 _a078810
082 _221
_bД 803
_a362.1
100 0 _aДүүрэнжаргал, Э.
_eсудлаач
_967555
245 1 0 _aЗөөврийн зүрхний цахилгаан бичлэгийн төхөөрөмжийн дохио боловсруулалт:
_bДэд бакалаврын зэрэг горилсон нэг сэдэвт бүтээл: 078810-Эмнэлгийн тоног төхөөрөмжийн ашиглалт
_c/Судлаач: Энхтүвшингийн Дүүрэнжаргал; Дипломын ажлын удирдагч: Физикийн ухааны магистр П. Баттогтох; Шүүмжлэгч: Биологийн ухааны магистр Ч. Галбадрах.
264 1 _aУлаанбаатар:
_b[Хэвлэлийн газар тодорхойгүй]
_cc2026.
300 _a48 хуудастай :
_bзурагтай, хүснэгт, графиктай, 12х12 CD-тэй;
_c30 см
336 _2rdacontent
_atext
_btxt
502 _bДэд бакалавр
_cАнагаахын Шинжлэх Ухааны Үндэсний Их Сургууль
_d2026
504 _aНом зүйтэй (хуудас 43-44)
546 _aМонгол
_b(Кирилл)
650 4 _aэмнэлгийн тоног төхөөрөмжийн ашиглалт
_967875
650 4 _aэлектрокардиограмм
_924720
650 4 _aзүрхний цахилгаан бичлэг
_967876
700 0 _aБаттогтох, П.
_eудирдагч
_966096
700 0 _aГалбадрах, Ч.
_eшүүмжлэгч
_966028
710 _aАнагаахын Шинжлэх Ухааны Үндэсний Их Сургууль
_eЭрхэлсэн байгууллага
_935462
_bБио-Анагаахын сургууль
856 _zЦАХИМ ХУВИЛБАР УНШИХ
856 _zТОВЧ ХУРААНГУЙ ҮЗЭХ
942 _2ddc
_cBT
999 _c37886
_d37886